Rekordziści skoczni w PŚ 2 - Statystyki

Ogólne statystyki
  • Ten quiz został rozwiązany 44 razy
  • Średni wynik to 7 z 10
Statystyki odpowiedzi
Skocznia Rekordzista % Poprawnych
Trondheim Kamil Stoch
97%
Vikersund Stefan Kraft
95%
Planica Ryoyu Kobayashi
90%
Kulm Peter Prevc
85%
Oslo Robert Johansson
74%
Oberstdorf (mamut) Daniel-André Tande
62%
Kuopio Daniel-André Tande
62%
Lillehamer Simon Ammann
46%
Harrahov Matti Hautamäki / Thomas Morgenstern
36%
Val di Fiemme Adam Małysz / Ryōyū Kobayashi
28%
Nie znaleziono quizów pasujących do podanych kryteriów
Rozkład punktacji
Procent ludzi z każdym wynikiem
Percentyl według liczby udzielonych odpowiedzi
Twoja historia wyników
Nie rozwiązałeś tego quizu